| 000 | 00768cab a2200253 4500 | ||
|---|---|---|---|
| 001 | ABS57000 | ||
| 008 | 090401t1997 xxu||||| |||| 00| 0 eng d | ||
| 035 | _a(Sirsi) u78238 | ||
| 041 | _aeng | ||
| 100 | _aCorbitt, T. | ||
| 245 | _aNetworks and the intranet | ||
| 260 | _c1997 | ||
| 350 | _a0 | ||
| 490 |
_aProfessional Practice Management _v15(4) April 1997, 61-62(2) |
||
| 520 | _aDiscusses the development of intranets and outlines the benefits of networking microcomputers for professional practices. | ||
| 650 | _aINTRANETS | ||
| 650 | _aLOCAL AREA NETWORKS | ||
| 650 | _aMICROCOMPUTERS | ||
| 650 | _aNETWORKING | ||
| 650 | _aOPEN SYSTEMS | ||
| 690 | _aMANAGEMENT-BUSINESS MANAGEMENT-INFORMATION MANAGEMENT | ||
| 942 | _n0 | ||
| 948 | _c08/05/1997 | ||
| 999 |
_c49240 _d49240 |
||